[Event "University of Twente YM"]
[Site "Enschede NED"]
[Date "2009.08.02"]
[Round "3"]
[White "Pruijssers,R"]
[Black "Melia,S"]
[Result "1/2-1/2"]
[WhiteElo "2401"]
[BlackElo "2441"]

1.e4 c5 2.Nf3 d6 3.d4 cxd4 4.Nxd4 Nf6 5.Nc3 Nc6 6.Bg5 e6 7.Qd2 Qb6 8.Nb3 Be7
9.Bxf6 Bxf6 10.Qxd6 Bd7 11.O-O-O O-O-O 12.Qg3 h5 13.h4 Nd4 14.e5 Nf5 15.Qf4 Qc7
16.Re1 Bc6 17.Bd3 g6 18.Bxf5 exf5 19.Qe3 Rhe8 20.f4 a6 21.Qa7 Bg7 22.Nc5 Bf8
23.N5a4 Qa5 24.Nb6+ Kc7 25.Nc4 Qb4 26.Nd6 Qxf4+ 27.Kb1 Bxd6 28.exd6+ Qxd6
29.Rxe8 Rxe8 30.Rd1 Qe5 31.a4 Bxg2 32.Rd4 Re6 33.Rc4+ Rc6 34.Rb4 Qe1+ 35.Ka2 Qe6+
36.Kb1 Qe1+ 37.Ka2 Qe6+ 38.Kb1 Rb6 39.Rd4 Qe5 40.Rc4+ Rc6 41.Rb4 Rd6 42.Rc4+ Bc6
43.b4 Kd7 44.b5 axb5 45.axb5 Bg2 46.Qa8 Ke7 47.Rc8 Kf6 48.Rc4 Kg7 49.Rc8 Rd4
50.Qa3 Qd6 51.Qa1 Kh7 52.Qa8 Rb4+ 53.Ka2 Qe5 54.Ka3 Rd4 55.Kb2 Bd5 56.Qa3 Be6
57.Re8 Rc4 58.Re7 Rc5 59.Rxb7 Qd4 60.Qa5 Rc4 61.Rc7 Rxc7 62.Qxc7 Qb4+ 63.Kc1 f4
64.Qc6 Bg4 65.Qf6 Be6 66.b6 Qxb6 67.Qxf4 Bf5 68.Nd5 Qc6 69.Ne3 Be6 70.Qd4 Qf3
71.c4 f6 72.c5 Qh1+ 73.Kd2 Qh2+ 74.Kd3 Kg7 75.c6 Qe5 76.Qxe5 fxe5 77.Ke4 Kf6
78.Nd5+ Kf7 79.Kxe5 Bg4 80.Nf6 Bc8 81.Ne4 Ke7 82.Nd6 Ba6 83.Ne4 Bb5 84.Kd5 Bxc6+
85.Kxc6 Ke6 86.Ng5+ Kf5 87.Kd6 Kg4 88.Ke5 Kxh4 89.Kf4  1/2-1/2

[Event "University of Twente YM"]
[Site "Enschede NED"]
[Date "2009.08.04"]
[Round "5"]
[White "Bok,B"]
[Black "Hoolt,S"]
[Result "1-0"]
[WhiteElo "2360"]
[BlackElo "2240"]

1.e4 c5 2.Nf3 d6 3.d4 cxd4 4.Nxd4 Nf6 5.Nc3 Nc6 6.Bg5 e6 7.Qd2 Qb6 8.Bxf6 gxf6
9.Nb3 a6 10.O-O-O Bd7 11.f4 O-O-O 12.Be2 h5 13.Rhf1 Be8 14.Kb1 f5 15.exf5 Bg7
16.Bf3 d5 17.Rfe1 Ne7 18.fxe6 fxe6 19.Ne2 Rh6 20.Ned4 Kb8 21.Qa5 Qxa5 22.Nxa5 Bf7
23.Nab3 Rc8 24.c3 Rc7 25.Re3 Kc8 26.Rde1 Kd7 27.Kc1 Nc8 28.Be2 Nd6 29.Bd3 Nc4
30.Bxc4 Rxc4 31.Nf5 Rg6 32.Nxg7 Rxg7 33.f5 exf5 34.Re7+ Kc8 35.Nd4 Rh7 36.Nxf5 Rc6
37.Nd4 Rf6 38.R1e5 Rhh6 39.Rf5  1-0

[Event "Arctic Chess Challenge"]
[Site "Tromso NOR"]
[Date "2009.08.05"]
[Round "5"]
[White "Greeff,M"]
[Black "Groetz,H"]
[Result "0-1"]
[WhiteElo "2038"]
[BlackElo "2350"]

1.e4 c5 2.Nf3 d6 3.d4 cxd4 4.Nxd4 Nf6 5.Nc3 Nc6 6.Bg5 e6 7.Qd2 a6 8.O-O-O Bd7
9.f3 Be7 10.h4 h6 11.Be3 b5 12.Nxc6 Bxc6 13.Ne2 Qc7 14.Nd4 Bb7 15.g4 Nd7
16.Bd3 Ne5 17.g5 hxg5 18.hxg5 Rxh1 19.Rxh1 O-O-O 20.f4 Nc4 21.Qf2 Nxe3 22.Qxe3 Qc5
23.Qg1 g6 24.Kb1 Kb8 25.Nf3 Qxg1+ 26.Rxg1 Rh8 27.Rf1 Rh3 28.a3 Kc7 29.b4 Kd8
30.Kb2 Ke8 31.Rf2 Bd8 32.Ng1 Re3 33.Rf3 Bb6 34.Rxe3 Bxe3 35.Nh3 e5 36.fxe5 dxe5
37.Kb3 Bc8 38.Bf1 f6 39.Kc3 fxg5 40.Kd3 Bc1 41.c3 g4 42.Ng1 Be6 43.a4 Bc4+  0-1

[Event "Open"]
[Site "Kavala GRE"]
[Date "2009.08.08"]
[Round "9"]
[White "Andriasian,Z"]
[Black "Mamedov,Nid"]
[Result "0-1"]
[WhiteElo "2585"]
[BlackElo "2614"]

1.e4 c5 2.Nf3 d6 3.d4 cxd4 4.Nxd4 Nf6 5.Nc3 Nc6 6.Bg5 e6 7.Qd2 a6 8.O-O-O Qb6
9.Nb3 Be7 10.f3 O-O 11.h4 Rd8 12.Be3 Qc7 13.Qf2 Nd7 14.g4 b5 15.g5 Nce5 16.Kb1 b4
17.Ne2 a5 18.h5 Nc4 19.Bc1 a4 20.Nbd4 a3 21.b3 Nb2 22.Re1 Nc5 23.Nf4 Bb7
24.Nd3 Ncxd3 25.Bxd3 Nxd3 26.cxd3 Ba6 27.Qc2 Qxc2+ 28.Nxc2 Bxd3 29.Rd1 Be2
30.Rde1 Bb5 31.Rd1 Rac8 32.Rhe1 Kf8 33.f4 d5 34.e5 Rc3 35.Bd2 Rh3 36.Re3 Rxe3
37.Bxe3 Rc8 38.Nd4 Ba6 39.Bd2 Bd3+ 40.Ka1 Ke8 41.Be3 Be4 42.Rc1 Rxc1+ 43.Bxc1 Bc5
44.Be3 Kd7 45.Bf2 Bf3 46.h6 gxh6 47.gxh6 Be4 48.Be3 Bf8 49.Bd2 Bxh6 50.Nb5 Bf8
51.Nd6 h5 52.Bxb4 h4 53.Be1 h3 54.Bg3 Bxd6  0-1

[Event "HZ Open"]
[Site "Vlissingen NED"]
[Date "2009.08.08"]
[Round "9"]
[White "Haast,A"]
[Black "Bitalzadeh,A"]
[Result "0-1"]
[WhiteElo "2158"]
[BlackElo "2434"]

1.e4 c5 2.Nf3 d6 3.d4 cxd4 4.Nxd4 Nf6 5.Nc3 Nc6 6.Bg5 e6 7.Qd2 Be7 8.O-O-O a6
9.Bxf6 gxf6 10.f4 Nxd4 11.Qxd4 b5 12.Be2 Rb8 13.f5 Qb6 14.fxe6 fxe6 15.Bh5+ Kd8
16.Qxb6+ Rxb6 17.Rhe1 Rg8 18.Bf3 Bf8 19.Kb1 Ke7 20.Ne2 Bh6 21.g3 Bb7 22.Nd4 Rg5
23.b4 Re5 24.Re2 Ba8 25.Rd3 Rb8 26.Rc3 Kd7 27.Nxe6 Rxe6 28.Bg4 Re8 29.Rf2 Bg7
30.e5 Kd8 31.exf6 Bxf6 32.Rc8+ Kxc8 33.Rxf6 Bd5 34.Bxe6+ Rxe6 35.Rf8+ Kd7  0-1

[Event "110th US Open Playoff"]
[Site "Indianapolis USA"]
[Date "2009.08.09"]
[Round "1"]
[White "Kudrin,S"]
[Black "Gurevich,D"]
[Result "1/2-1/2"]
[WhiteElo "2578"]
[BlackElo "2485"]

1.e4 c5 2.Nf3 d6 3.d4 cxd4 4.Nxd4 Nf6 5.Nc3 Nc6 6.Bg5 g6 7.Be2 Bg7 8.Nb3 a6
9.O-O b5 10.a3 O-O 11.f4 Bd7 12.Bf3 Rc8 13.Kh1 h6 14.Bh4 Nh7 15.Qd2 Re8 16.Rad1 Na5
17.Nxa5 Qxa5 18.e5 Bf5 19.exd6 exd6 20.Qxd6 Bxc2 21.Rde1 Bb3 22.Nd5 Bxd5
23.Bxd5 Rxe1 24.Rxe1 Qc7 25.Qxg6 Qxf4 26.Qxa6 Rc1 27.Qxb5 Be5 28.Qe8+ Kg7
29.Bf6+ Nxf6 30.Qxf7+ Kh8 31.Qf8+ Kh7 32.Qf7+ Kh8  1/2-1/2

[Event "XVIII TCh-MKD"]
[Site "Struga MKD"]
[Date "2009.08.14"]
[Round "5"]
[White "Simovski,G"]
[Black "Kiroski,T"]
[Result "0-1"]
[WhiteElo "2256"]
[BlackElo "2360"]

1.e4 c5 2.Nf3 Nc6 3.d4 cxd4 4.Nxd4 Nf6 5.Nc3 d6 6.Bg5 e6 7.Qd2 a6 8.f3 Bd7
9.O-O-O Be7 10.Kb1 b5 11.Nxc6 Bxc6 12.Bf4 d5 13.exd5 Nxd5 14.Nxd5 Bxd5 15.Be5 O-O
16.Bd3 Bxa2+ 17.Kxa2 Qd5+ 18.Kb1 Qxe5 19.Rhe1 Qc5 20.f4 Bf6 21.g4 g6 22.h4 b4
23.Re4 Rfb8 24.Bc4 Rd8 25.Qe1 Rxd1+ 26.Qxd1 Rd8 27.Qe2 Qg1+ 28.Ka2 Qc1 29.Re5 Rd2
30.Qe4 Rxc2  0-1

[Event "XVIII TCh-MKD"]
[Site "Struga MKD"]
[Date "2009.08.15"]
[Round "6"]
[White "Nestorovic,L"]
[Black "Dancevski,O"]
[Result "0-1"]
[WhiteElo "2240"]
[BlackElo "2411"]

1.e4 c5 2.Nf3 d6 3.d4 Nf6 4.Nc3 cxd4 5.Nxd4 Nc6 6.Bg5 e6 7.Qd2 a6 8.O-O-O h6
9.Bf4 Bd7 10.Nxc6 Bxc6 11.f3 d5 12.Qe1 Rc8 13.Be5 Bb4 14.exd5 Bxd5 15.Qg3 Bxc3
16.Bxc3 O-O 17.Qe5 Qc7 18.Qxc7 Rxc7 19.Bxf6 gxf6 20.Kb1 b5 21.a3 f5 22.Bd3 Rd8
23.f4 Kg7 24.Rhe1 Kf6 25.g3 h5 26.Re3 h4 27.Be2 hxg3 28.hxg3 Rg8 29.Bd3 Rh8
30.Kc1 Rcc8 31.Kd2 Rh2+ 32.Re2 Rh3 33.Rg1 Rg8 34.Re3 Rh4 35.gxh4 Rxg1 36.Rh3 Kg6
37.h5+ Kh6 38.a4 Rg2+ 39.Kc3 bxa4 40.Kb4 Be4 41.Bxe4 fxe4 42.c4 Rxb2+ 43.Kxa4 f5
44.c5 Rb5 45.Rc3 Kxh5 46.c6 Rb8 47.Ka5 Kg4 48.c7 Rc8 49.Kxa6 Kxf4 50.Kb7 Rxc7+
51.Kxc7 e3 52.Rc4+ Ke5 53.Rc5+ Kd4 54.Kd6 f4 55.Rd5+ exd5  0-1

[Event "9th Open"]
[Site "Brasschaat BEL"]
[Date "2009.08.17"]
[Round "3"]
[White "Beukema,S"]
[Black "Penson,T"]
[Result "1-0"]
[WhiteElo "2007"]
[BlackElo "2245"]

1.e4 c5 2.Nf3 Nc6 3.d4 cxd4 4.Nxd4 Nf6 5.Nc3 d6 6.Bg5 Bd7 7.Bxf6 gxf6 8.Be2 Bh6
9.Bc4 Qa5 10.O-O Qc5 11.Nxc6 Qxc4 12.Na5 Qc8 13.Nd5 Bg7 14.Qd3 Bc6 15.Rfe1 Qd8
16.Nc4 O-O 17.Re3 b5 18.Nd2 e6 19.Rh3 Re8 20.Nb4 Qd7 21.Qg3 f5 22.Qh4 Bxe4
23.Nxe4 fxe4 24.Qxh7+ Kf8 25.Rg3 Bxb2 26.c3 d5 27.Rg7 Rad8 28.Nc6  1-0

[Event "ch-FRA National A"]
[Site "Nimes FRA"]
[Date "2009.08.17"]
[Round "7"]
[White "Cornette,M"]
[Black "Edouard,R"]
[Result "1-0"]
[WhiteElo "2578"]
[BlackElo "2597"]

1.e4 c5 2.Nf3 d6 3.d4 cxd4 4.Nxd4 Nf6 5.Nc3 Nc6 6.Bg5 Bd7 7.Be2 Qa5 8.Bxf6 gxf6
9.O-O f5 10.Nxf5 Bxf5 11.exf5 Qxf5 12.Nd5 Qd7 13.Bb5 O-O-O 14.Qf3 e6 15.Nb4 d5
16.Nxc6 bxc6 17.Qc3 Rg8 18.Qxc6+ Qxc6 19.Bxc6 Kc7 20.Bb5 Bg7 21.Rab1 e5 22.f3 f5
23.c3 Rgf8 24.Rbd1 Rf6 25.Ba4 Rfd6 26.Bc2 Rf8 27.Rd3 e4 28.fxe4 dxe4 29.Rxd6 Kxd6
30.Rd1+ Ke5 31.Bb3 Bh6 32.Kf2 Re8 33.Rd5+ Kf6 34.Rd6+ Kg7 35.Rd7+ Kf6 36.Rxh7 Bc1
37.Rf7+ Ke5 38.Ba4 Rh8 39.b3 Rxh2 40.Rxa7 f4 41.Re7+ Kd5 42.b4 Be3+ 43.Kf1 Kc4
44.Bc6 Kxc3 45.Bxe4 Kxb4 46.Ke2 Rh5 47.Rb7+ Ka5 48.Kf3 Rg5 49.Rb1 Rg3+ 50.Ke2 Rg7
51.Rb3 Rd7 52.Rb2 Rg7 53.Bb7 Bd4 54.Rb3 Be3 55.Bd5 Rd7 56.Rd3 Rg7 57.Rd1 Kb4
58.Rb1+ Ka5 59.Kd3 Bb6 60.Bf3 Re7 61.Rb2 Re5 62.Rc2 Re3+ 63.Kd2 Re7 64.Bc6 Re5
65.Rc4 Be3+ 66.Kd3 Kb6 67.Be4 Rg5 68.Rc2 Rg7 69.Bd5 Re7 70.Bf3 Rd7+ 71.Ke2 Re7
72.Rc6+ Kb5 73.Rc8 Bb6+ 74.Kd3 Re3+ 75.Kc2 Re7 76.Rf8 Be3 77.Kb3 Re6 78.Rf5+ Ka6
79.Kc4 Rd6 80.Bd5 Rb6 81.Kd3 Rg6 82.a4 Rg7 83.Bc6 Kb6 84.Bf3 Rd7+ 85.Kc3 Rc7+
86.Kb3 Rd7 87.a5+ Ka7 88.Kb4 Kb8 89.Kb5 Kc7 90.a6 Rd6 91.Bc6 Rd2 92.Rf7+ Kb8
93.a7+ Bxa7 94.Rb7+  1-0

[Event "9th Open"]
[Site "Brasschaat BEL"]
[Date "2009.08.18"]
[Round "4"]
[White "Haast,A"]
[Black "Sadkowsky,D"]
[Result "0-1"]
[WhiteElo "2158"]
[BlackElo "2277"]

1.e4 c5 2.Nf3 d6 3.d4 cxd4 4.Nxd4 Nf6 5.Nc3 Nc6 6.Bg5 e6 7.Qd2 a6 8.O-O-O Bd7
9.f4 b5 10.Bxf6 gxf6 11.Kb1 Qb6 12.Nxc6 Bxc6 13.Qe1 Ra7 14.Bd3 Qc5 15.Qh4 Bg7
16.f5 Qe5 17.Rhf1 a5 18.Ne2 a4 19.c3 a3 20.Nd4 Bd7 21.Qf2 Rc7 22.b4 O-O 23.Rc1 Rfc8
24.Nf3 Qf4 25.g3 Qh6 26.Rfe1 Bf8 27.Nd4 Rxc3 28.Rxc3 Rxc3 29.Qe2 d5 30.exd5 exd5
31.Nxb5 Bxb5 32.Bxb5 Qg5 33.Bd3 d4 34.b5 Bh6 35.Bc2 d3 36.h4 dxc2+ 37.Qxc2 Rxc2
38.hxg5 Rb2+ 39.Ka1 fxg5 40.f6 Rxb5  0-1

[Event "BDO Premier"]
[Site "Haarlem NED"]
[Date "2009.08.18"]
[Round "4"]
[White "Solleveld,Maa"]
[Black "Van Kampen,R"]
[Result "1-0"]
[WhiteElo "2485"]
[BlackElo "2383"]

1.e4 c5 2.Nf3 d6 3.d4 cxd4 4.Nxd4 Nf6 5.Nc3 Nc6 6.Bg5 e6 7.Qd2 a6 8.O-O-O Bd7
9.f4 h6 10.Bh4 g5 11.fxg5 Ng4 12.Be2 Nge5 13.Nf3 Be7 14.Rhg1 b5 15.Kb1 Rb8
16.Rdf1 b4 17.Nd1 a5 18.b3 a4 19.bxa4 Qb6 20.Nb2 Qc5 21.Bb5 Nxf3 22.gxf3 Nd4
23.Bf2 Nxf3 24.Qd1 Qc3 25.Rg3 Bxb5 26.axb5 Nd2+ 27.Ka1 Nxf1 28.Rxc3 bxc3
29.Na4 Nd2 30.Nxc3 Bxg5 31.Be1 Nc4 32.Qd4 Ne5 33.Qxd6 Nd7 34.e5 Rg8 35.Ne4 Rd8
36.Ba5 Ra8 37.Nf6+ Nxf6 38.Qc6+ Kf8 39.Qxa8+ Kg7 40.Qg2 Kh8 41.Qf3 Nd5 42.c4 Ne3
43.h4 Nxc4 44.hxg5 Nxa5 45.Qf6+  1-0

[Event "24th Open"]
[Site "Schwarzach AUT"]
[Date "2009.08.18"]
[Round "4"]
[White "Palac,M"]
[Black "Danner,G"]
[Result "1-0"]
[WhiteElo "2582"]
[BlackElo "2450"]

1.e4 c5 2.Nf3 Nc6 3.d4 cxd4 4.Nxd4 Nf6 5.Nc3 d6 6.Bg5 e6 7.Qd2 a6 8.O-O-O h6
9.Nxc6 bxc6 10.Bf4 d5 11.Qe3 Be7 12.Be2 Qa5 13.exd5 Nxd5 14.Nxd5 cxd5 15.Kb1 Qc5
16.Qg3 Bf6 17.c3 Bb7 18.Be3 Qe7 19.f4 Rc8 20.Qf2 O-O 21.Bd3 Rc7 22.Rhg1 Rb8
23.Ba7 Ra8 24.Bb6 Rc6 25.g4 Bc8 26.Bd4 Rb8 27.g5 hxg5 28.fxg5 Bxd4 29.cxd4 Rcb6
30.Rd2 Bd7 31.Ka1 a5 32.g6 fxg6 33.Bxg6 Rf8 34.Qg3 e5 35.dxe5 Rb4 36.Bh5 Rbf4
37.Rxd5 a4 38.Be2 Bc6 39.Rc5 Be8 40.Bc4+ Kh8 41.Rc7 Qxe5 42.Rxg7 Rf1+ 43.Bxf1 Rxf1+
44.Rxf1 Qxg7 45.Qxg7+  1-0

[Event "24th Open"]
[Site "Tetevan BUL"]
[Date "2009.08.19"]
[Round "6"]
[White "Todorov,Mo"]
[Black "Kozhuharov,S"]
[Result "0-1"]
[WhiteElo "2229"]
[BlackElo "2406"]

1.e4 c5 2.Nf3 d6 3.d4 Nf6 4.Nc3 cxd4 5.Nxd4 Nc6 6.Bg5 e6 7.Qd2 a6 8.O-O-O Bd7
9.f4 b5 10.Bxf6 gxf6 11.Kb1 Qb6 12.Nxc6 Bxc6 13.f5 Qc5 14.Bd3 h5 15.Qe1 h4
16.Nd5 Bxd5 17.exd5 e5 18.Be4 b4 19.Rd3 a5 20.Qe2 Bh6 21.Rhd1 Ke7 22.Rh3 Bg5
23.Qd3 a4 24.g3 hxg3 25.Rxh8 Rxh8 26.hxg3 a3 27.Qa6 Rh2 28.Qc6 Rd2 29.Qb7+ Kf8
30.Rh1 Rh2 31.Rd1 Kg7 32.Qc6 Rd2 33.Rh1 Qd4  0-1

[Event "16th Vienna Open"]
[Site "Vienna AUT"]
[Date "2009.08.19"]
[Round "5"]
[White "Halvax,G"]
[Black "Shengelia,D"]
[Result "1/2-1/2"]
[WhiteElo "2260"]
[BlackElo "2586"]

1.e4 c5 2.Nf3 d6 3.d4 cxd4 4.Nxd4 Nf6 5.Nc3 Nc6 6.Bg5 e6 7.Qd2 Be7 8.O-O-O Nxd4
9.Qxd4 a6 10.f4 b5 11.Bxf6 gxf6 12.Be2 Rb8 13.Bf3 Qb6 14.Qd3 b4 15.Ne2 a5
16.Nd4 Bd7 17.Kb1 a4 18.Rhe1 Rc8 19.e5 fxe5 20.fxe5 d5 21.Bh5 a3 22.Rf1 axb2
23.Rxf7 Kd8 24.Qh3 Rc4 25.Qg4 Re8 26.Rf4 b3 27.cxb3 Rc1+ 28.Kxb2 Ba3+ 29.Kxa3 Qa5+
30.Kb2 Qc3+  1/2-1/2

[Event "24th Open"]
[Site "Schwarzach AUT"]
[Date "2009.08.20"]
[Round "6"]
[White "Meier,Al"]
[Black "Danner,G"]
[Result "0-1"]
[WhiteElo "2146"]
[BlackElo "2450"]

1.e4 c5 2.Nf3 Nc6 3.d4 cxd4 4.Nxd4 Nf6 5.Nc3 d6 6.Bg5 e6 7.Qd2 a6 8.O-O-O h6
9.Bxf6 Qxf6 10.h4 Nxd4 11.Qxd4 Qxd4 12.Rxd4 Bd7 13.Be2 Bc6 14.Bf3 Be7 15.Rd3 Rd8
16.h5 Bf6 17.Re1 Be5 18.g3 g5 19.Kb1 Rg8 20.g4 Ke7 21.a3 b5 22.Ne2 Rb8 23.Nd4 Ba8
24.Red1 Rgc8 25.Bg2 b4 26.a4 Rc4 27.f3 Rbc8 28.R1d2 Bf4 29.Re2 Kf6 30.Bf1 d5
31.Bg2 Be5 32.Nb3 d4 33.Na5 R4c7 34.Nb3 Rd8 35.Red2 Rcd7 36.Nc5 Rd6 37.Rb3 a5
38.Bf1 Bc6 39.Bb5 Bxb5 40.axb5 Rb8 41.Rbd3 a4 42.b6 Rbxb6 43.Nxa4 Rbc6 44.Re2 Bf4
45.b3 Rd7 46.e5+ Bxe5 47.Nb2 Bf4 48.Re4 e5 49.Na4 Ke6 50.Nb2 f5 51.gxf5+ Kxf5
52.Re2 Ra7 53.Rd1 Rca6 54.Na4 Be3 55.Rf1 Kf4 56.Rg2 Ra5 57.Rg4+ Kf5 58.Rg2 R7a6
59.Kb2 Rd6 60.Rg4 Bf4 61.Rg2 Rad5 62.Kb1 Rc6 63.Kb2 e4 64.fxe4+ Kxe4 65.Kb1 Ra6
66.Kb2 Rf5 67.Re2+ Be3 68.Rxf5 Kxf5 69.Nc5 Rb6 70.Re1 Rb5 71.Rf1+ Kg4 72.Ne4 Kxh5
73.Nd6 Rb6 74.Nf5 g4 75.Rh1+ Kg5 76.Ng3 Kf4 77.Nh5+ Kf3  0-1

[Event "16th Vienna Open"]
[Site "Vienna AUT"]
[Date "2009.08.20"]
[Round "6"]
[White "Van der Weide,K"]
[Black "Demuth,A"]
[Result "1/2-1/2"]
[WhiteElo "2481"]
[BlackElo "2339"]

1.e4 c5 2.Nf3 Nc6 3.d4 cxd4 4.Nxd4 Nf6 5.Nc3 d6 6.Bg5 e6 7.Qd2 a6 8.O-O-O Bd7
9.f4 b5 10.Bxf6 gxf6 11.Kb1 Qb6 12.Nxc6 Bxc6 13.f5 Qc5 14.Bd3 b4 15.Ne2 e5
16.Ng3 h5 17.h4 Ke7 18.Qe2 a5 19.Nxh5 a4 20.g4 a3 21.Bc4 axb2 22.Rh3 Bh6
23.Nxf6 Kxf6 24.g5+ Ke7 25.f6+ Kd8 26.gxh6 Rxh6 27.h5 Rxf6 28.h6 Rf2 29.Qd3 Kc7
30.h7 Rh8 31.Kxb2 Rf4 32.Bd5 Bxd5 33.Qxd5 Qxd5 34.exd5 Rg4 35.Kb3 Kb6 36.Rf1 Rg7
37.Kxb4 Rhxh7 38.Rc3 Rh4+ 39.Kb3 Kb5 40.Rc6 Rb4+ 41.Ka3 Rg3+ 42.c3 Ra4+ 43.Kb3 Rb4+
44.Ka3 Ra4+ 45.Kb3 Rb4+  1/2-1/2

[Event "24th Open"]
[Site "Schwarzach AUT"]
[Date "2009.08.21"]
[Round "7"]
[White "Zelcic,R"]
[Black "Jovanovic,Zo CRO"]
[Result "1/2-1/2"]
[WhiteElo "2554"]
[BlackElo "2539"]

1.e4 c5 2.Nf3 d6 3.d4 cxd4 4.Nxd4 Nf6 5.Nc3 Nc6 6.Bg5 e6 7.Qd2 Qb6 8.Nb3 Be7
9.Be2 O-O 10.O-O Rd8 11.Rad1 a6 12.Be3 Qc7 13.f4 b5 14.Bf3 Bb7 15.Qf2 Nd7
16.Rd2 Na5 17.Nxa5 Qxa5 18.a3 Rac8 19.f5 e5 20.f6 Bxf6 21.Rxd6 Qc7 22.Rfd1 Be7
23.R6d3 Rb8 24.Bg4 Nf6 25.Bf3 Rxd3 26.Rxd3 Ba8 27.h3 a5 28.Ba7 Rb7 29.Be3 Rb8
30.Ba7 Rb7 31.Be3  1/2-1/2

[Event "16th Vienna Open"]
[Site "Vienna AUT"]
[Date "2009.08.22"]
[Round "8"]
[White "Burg,T"]
[Black "Wittmann,W"]
[Result "1-0"]
[WhiteElo "2422"]
[BlackElo "2274"]

1.e4 c5 2.Nf3 Nc6 3.d4 cxd4 4.Nxd4 Nf6 5.Nc3 d6 6.Bg5 e6 7.Qd2 Be7 8.O-O-O Nxd4
9.Qxd4 O-O 10.f4 h6 11.Bh4 Qa5 12.e5 dxe5 13.Qxe5 Qxe5 14.fxe5 Nd5 15.Bxe7 Nxe7
16.Bd3 b6 17.Be4 Rb8 18.Rhe1 Bb7 19.Rd7 Bxe4 20.Rxe4 Nc6 21.Nb5 a6 22.Nd4 Rfc8
23.Nxc6 Rxc6 24.Red4 g5 25.Ra7 Rc5 26.Rdd7 Rf8 27.Rxa6 b5 28.a4 bxa4 29.Rxa4 Rfc8
30.c3 Rxe5 31.Kc2 Re2+ 32.Rd2 Re3 33.Ra7 Kg7 34.Rf2 Rf8 35.b4 Kg6 36.Rd7 f5
37.Kd2 f4 38.Re2 Rxe2+ 39.Kxe2 e5 40.b5 Rb8 41.Rd6+ Kf5 42.b6 Ke4 43.c4 g4
44.c5 f3+ 45.Kf2 h5 46.Rd7 h4 47.gxf3+ gxf3 48.b7 Rg8 49.c6 Rg2+ 50.Kf1 Rb2
51.c7 Rb1+ 52.Kf2 Rxb7 53.c8=Q Rb2+ 54.Ke1 Rb1+ 55.Rd1 f2+ 56.Kxf2 Rxd1 57.Qg4+  1-0

[Event "XI Sants Open"]
[Site "Barcelona ESP"]
[Date "2009.08.23"]
[Round "3"]
[White "Solodovnichenko,Y"]
[Black "Larduet Despaigne,C"]
[Result "1-0"]
[WhiteElo "2596"]
[BlackElo "2339"]

1.e4 c5 2.Nf3 d6 3.d4 cxd4 4.Nxd4 Nf6 5.Nc3 Nc6 6.Bg5 Bd7 7.Bxf6 gxf6 8.Nf5 Qa5
9.Bb5 a6 10.Bxc6 bxc6 11.Qd3 h5 12.O-O h4 13.Rab1 h3 14.g3 Qc7 15.Rbd1 a5
16.Rfe1 Rh5 17.Ne2 Qb6 18.c4 Ra7 19.b3 Bc8 20.Nc3 Rd7 21.Na4 Qb4 22.a3 Qxa3
23.Nb6 Rc7 24.Nxc8 Rxc8 25.e5 fxe5 26.Rxe5 Rxf5 27.Rxf5 e6 28.Rf3 Rc7 29.g4  1-0

[Event "BDO Premier"]
[Site "Haarlem NED"]
[Date "2009.08.23"]
[Round "9"]
[White "Van Kampen,R"]
[Black "Nijboer,F"]
[Result "1/2-1/2"]
[WhiteElo "2383"]
[BlackElo "2552"]

1.e4 c5 2.Nf3 Nc6 3.d4 cxd4 4.Nxd4 Nf6 5.Nc3 d6 6.Bg5 e6 7.Qd2 a6 8.O-O-O Be7
9.f4 Nxd4 10.Qxd4 b5 11.Bxf6 gxf6 12.e5 d5 13.Be2 b4 14.Na4 fxe5 15.fxe5 Qa5
16.b3 Bd7 17.Bh5 Bxa4 18.bxa4 Qxa4 19.Rhf1 Rf8 20.Rxf7 Rxf7 21.Rf1 Rc8  1/2-1/2

[Event "9th UIL&UL GM"]
[Site "Dahka BAN"]
[Date "2009.08.28"]
[Round "9"]
[White "Shrestha,B"]
[Black "Bhuiyan,G"]
[Result "1-0"]
[WhiteElo "2106"]
[BlackElo "2177"]

1.e4 c5 2.Nf3 d6 3.d4 cxd4 4.Nxd4 Nf6 5.Nc3 Nc6 6.Bg5 e6 7.Be2 Be7 8.Qd2 h6
9.Be3 a6 10.O-O-O Qc7 11.f4 Nxd4 12.Bxd4 e5 13.Be3 Be6 14.Kb1 b5 15.Nd5 Bxd5
16.exd5 Ne4 17.Qd3 Nc5 18.Bxc5 Qxc5 19.fxe5 dxe5 20.d6 Rd8 21.d7+ Kf8 22.Rhf1 Bf6
23.g4 Ke7 24.Bf3 Rb8 25.Be4 Rhd8 26.Bf5 a5 27.Qe4 b4 28.Rd5 Qc7 29.Rfd1 a4
30.h4 b3 31.axb3 axb3 32.cxb3 g5 33.hxg5 hxg5 34.b4 Kf8 35.b5 Qa5 36.Qc4 e4
37.Rh1 Ra8 38.Kc2 e3 39.Qc5+ Kg7 40.Qxe3 Ra7 41.Rh7+ Kg8 42.Qe8+ Rxe8 43.dxe8=Q+  1-0

[Event "2nd Bolivar Open"]
[Site "Buenos Aires ARG"]
[Date "2009.08.29"]
[Round "5"]
[White "Obregon,A"]
[Black "Anelli,A"]
[Result "1-0"]
[WhiteElo "2406"]
[BlackElo "2193"]

1.e4 c5 2.Nf3 Nc6 3.d4 cxd4 4.Nxd4 Nf6 5.Nc3 d6 6.Bg5 e6 7.Qd2 a6 8.O-O-O Bd7
9.f3 Be7 10.h4 Qc7 11.g4 Rc8 12.Be3 Ne5 13.Bd3 b5 14.Kb1 b4 15.Nce2 a5 16.Ng3 Nxd3
17.cxd3 Bc6 18.g5 Nd7 19.h5 Nc5 20.Nxc6 Qxc6 21.Bd4 Rg8 22.f4 Qa6 23.Rc1 Kd7
24.Rhd1 g6 25.Rc4 Rgd8 26.Rdc1 Qb5 27.Qc2 Rc6 28.hxg6 hxg6 29.Bxc5 Rxc5 30.b3 Rxc4
31.bxc4 Qc6 32.d4 a4 33.Qd2 Rb8 34.Qd3 Qa6 35.d5 e5 36.fxe5 dxe5 37.Rf1 Rc8
38.Rxf7 Qxc4 39.Qxc4 Rxc4 40.Rg7 Rc3 41.Nf1 b3 42.axb3 Rxb3+ 43.Kc2 Rb6 44.Ne3 a3
45.Rh7 Rb2+ 46.Kc3 Rb1 47.Rh2 Bxg5 48.Nc4 Rc1+ 49.Kb3 Bf4 50.Rh7+ Kd8 51.Nd6 Rd1
52.Kxa3 g5 53.Rg7 Ra1+ 54.Kb4 Rb1+ 55.Kc4 Rb6 56.Nf7+ Ke8 57.Nxg5 Kf8 58.Rf7+ Kg8
59.Rf5 Rb1 60.Ne6 Re1 61.d6 Rxe4+ 62.Kd5 Re1 63.d7 Rd1+ 64.Kc6 Rc1+ 65.Kd6  1-0

[Event "ch-RUS HL"]
[Site "Ulan Ude RUS"]
[Date "2009.09.02"]
[Round "1"]
[White "Vorobiov,E"]
[Black "Yaksin,O"]
[Result "1/2-1/2"]
[WhiteElo "2606"]
[BlackElo "2385"]

1.e4 c5 2.Nf3 d6 3.d4 cxd4 4.Nxd4 Nf6 5.Nc3 Nc6 6.Bg5 e6 7.Qd2 Be7 8.O-O-O Qb6
9.Be3 Ng4 10.Nxc6 Nxe3 11.Nxe7 Nxd1 12.Na4 Qxf2 13.Qxd6 Bd7 14.Nc5 Ne3 15.Bd3 Qxg2
16.Qxd7+ Kf8 17.Re1 Qf2 18.Rd1 Qf3 19.Rg1 Qf2 20.Rh1 Qg2 21.Qd6 Qxh1+ 22.Kd2 Qg2+
23.Kc3 Qg5 24.Nc8+ Kg8 25.Ne7+ Kf8  1/2-1/2

[Event "6th LGA Premium Cup"]
[Site "Nuernberg GER"]
[Date "2009.09.03"]
[Round "1"]
[White "Aronow,M"]
[Black "Hoffmann,Ay"]
[Result "1-0"]
[WhiteElo "2290"]
[BlackElo "1780"]

1.e4 c5 2.Nf3 Nc6 3.d4 cxd4 4.Nxd4 d6 5.Nc3 Nf6 6.Bg5 e6 7.Qd2 h6 8.Bxf6 Qxf6
9.Ndb5 Qe7 10.O-O-O a6 11.Nxd6+ Qxd6 12.Qxd6 Bxd6 13.Rxd6 Ke7 14.Rd1 Rd8
15.Rxd8 Kxd8 16.f4 f6 17.g3 Kc7 18.Bh3 Bd7 19.a3 Rd8 20.Rd1 Bc8 21.Rxd8 Kxd8
22.Na4 Kc7 23.b4 Nd4 24.Bg2 b6 25.c4 Bd7 26.Nc3 Kd6 27.Kd2 a5 28.Kd3 e5 29.Nd5 axb4
30.axb4 Kc6 31.h3 Be6 32.g4 Bd7 33.fxe5 fxe5 34.Ne7+ Kc7 35.Bf1 Ne6 36.Ke3 Nd4
37.Bd3 Be8 38.h4 Bf7 39.Kf2 Ne6 40.Nd5+ Kc6 41.Kg3 Be8 42.Ne7+ Kd6 43.Nf5+ Kc6
44.c5 bxc5 45.Bc4 Bd7 46.bxc5 Kxc5 47.Bxe6 Bxe6 48.Nxg7 Bf7 49.h5 Kd4 50.Nf5+ Kd3
51.Nxh6 Bb3 52.Nf5 Kxe4 53.h6 Bg8 54.Ne7 Bh7 55.g5  1-0

[Event "ch-RUS HL"]
[Site "Ulan Ude RUS"]
[Date "2009.09.03"]
[Round "2"]
[White "Shaposhnikov,E"]
[Black "Sharafiev,A"]
[Result "1-0"]
[WhiteElo "2545"]
[BlackElo "2400"]

1.e4 c5 2.Nf3 d6 3.d4 cxd4 4.Nxd4 Nf6 5.Nc3 Nc6 6.Bg5 Qa5 7.Bb5 Bd7 8.Nb3 Qd8
9.Qe2 a6 10.Bxc6 Bxc6 11.O-O-O h6 12.Bf4 Nd7 13.e5 dxe5 14.Bxe5 e6 15.f4 Qh4
16.Nd4 Nxe5 17.Qxe5 Be7 18.Nxc6 bxc6 19.Ne4 O-O 20.Rd3 Rfd8 21.Rh3 Rd5 22.Rxh4 Rxe5
23.fxe5 Bxh4 24.Rd1 Rd8 25.b4 Rd5 26.Rxd5 exd5 27.Nc5 Bg5+ 28.Kb2 Bf4 29.h3 Bxe5+
30.Kb3 f5 31.Nxa6 g5 32.Nc5 g4 33.hxg4 fxg4 34.Nd7 Bg7 35.a4 g3 36.a5 Bd4
37.Nc5 Be5 38.Nd7 Bd4 39.c4 h5 40.c5 h4  1-0

[Event "ch-RUS HL"]
[Site "Ulan Ude RUS"]
[Date "2009.09.04"]
[Round "3"]
[White "Sjugirov,S"]
[Black "Yaksin,O"]
[Result "1-0"]
[WhiteElo "2585"]
[BlackElo "2385"]

1.e4 c5 2.Nf3 d6 3.d4 cxd4 4.Nxd4 Nf6 5.Nc3 Nc6 6.Bg5 e6 7.Qd2 Be7 8.O-O-O Qb6
9.Ndb5 O-O 10.Qe1 Rd8 11.f4 Rd7 12.Qg3 d5 13.Be2 Nxe4 14.Nxe4 dxe4 15.Nc3 Nd4
16.Bxe7 Nxe2+ 17.Nxe2 Rxe7 18.Nc3 f5 19.Qg5 Rd7 20.g4 Qc5 21.gxf5 Qxf5 22.Qg3 b6
23.Rhg1 g6 24.Qh4 Rb8 25.Rge1 e3 26.Rxe3 Rxd1+ 27.Nxd1 Bb7 28.Rd3 Rf8 29.Rd7 Rf7
30.Rxf7 Qxf7 31.Ne3 Kg7 32.Qg5 Qf6 33.Ng4 Qxg5 34.fxg5 Kf7 35.Kd2 e5 36.Nxe5+ Ke6
37.Nc4 Ba6 38.Ne3 Ke5 39.h4 Bb7 40.Nc4+ Kd5 41.Na3 Ke5 42.Ke3 Ba6 43.Nb1 Kf5
44.Nc3 Kg4 45.Ne4 Bc4 46.a3 Kxh4 47.Kf4 Kh3 48.Nf6 Kg2 49.Nxh7 Kf2 50.Nf8 Bf7
51.Nd7 Ke2 52.Ne5 Be6 53.Nxg6 Kd2 54.Ne5 Kxc2 55.g6 Kxb2 56.Nf7 Kxa3 57.Ke5 Ba2
58.Kf6 Bb1 59.g7 Bh7 60.Ng5 Bg8 61.Ke7 b5 62.Kf8 b4 63.Kxg8 b3 64.Ne4 b2
65.Nd2 Kb4 66.Kf7 Kc3 67.g8=Q Kxd2 68.Qb8 Kc2 69.Qc7+ Kb3 70.Qb7+ Kc3 71.Qe4 a5
72.Ke6 a4 73.Kd5 a3 74.Qb1 Kb3 75.Kd4  1-0

[Event "TCh-SRB 1st League"]
[Site "Kragujevac SRB"]
[Date "2009.09.05"]
[Round "5"]
[White "Marjanovic,Slavo"]
[Black "Zlatic,Mih"]
[Result "1/2-1/2"]
[WhiteElo "2480"]
[BlackElo "2456"]

1.e4 c5 2.Nf3 Nc6 3.d4 cxd4 4.Nxd4 Nf6 5.Nc3 d6 6.Bg5 e6 7.Qd2 Be7 8.O-O-O Nxd4
9.Qxd4 O-O 10.f4 Qa5 11.Bc4 Bd7 12.e5 dxe5 13.fxe5 Bc6 14.Bd2 Nd7 15.Nd5 Qd8
16.Nxe7+ Qxe7 17.Rhe1 Nb6 18.Bf1 Rfd8 19.Qg4 Qc5  1/2-1/2